Reeducación de los trastornos de lectura (Record no. 87124)

MARC details
000 -LEADER
campo de control de longitud fija 00726nam a2200229 i 4500
001 - NÚMERO DE CONTROL
campo de control 87124
003 - IDENTIFICADOR DE NÚMERO DE CONTROL
campo de control ES-MaACL
005 - FECHA Y HORA DE LA ÚLTIMA TRANSACCIÓN
campo de control 20251207151549.0
007 - CAMPO FIJO DE DESCRIPCIÓN FÍSICA--INFORMACIÓN GENERAL
campo de control de longitud fija t|
008 - DATOS DE LONGITUD FIJA--INFORMACIÓN GENERAL
campo de control de longitud fija 041220s1976 sp ||||1| spa d
100 1# - ENTRADA PRINCIPAL--NOMBRE DE PERSONA
Nombre de persona Kocher, Francis.
9 (RLIN) 68413
245 10 - MENCIÓN DEL TÍTULO
Título Reeducación de los trastornos de lectura
Resto del título : (la dislexia) /
Mención de responsabilidad, etc. Francis Kocher ; [traducción por A. Vergara P. ; revisión y notas por H. Pardellans].
250 ## - MENCION DE EDICION
Mención de edición [4ª ed.].
260 ## - PUBLICACIÓN, DISTRIBUCIÓN, ETC.
Lugar de publicación, distribución, etc. Barcelona :
Nombre del editor, distribuidor, etc. Planeta,
Fecha de publicación, distribución, etc. [1976]
300 ## - DESCRIPCIÓN FÍSICA
Extensión 164 p. ;
Dimensiones 19 cm.
490 1# - MENCIÓN DE SERIE
Mención de serie Paideia ;
Designación de volumen o secuencia 32
700 1# - ENTRADA AGREGADA--NOMBRE PERSONAL
Nombre de persona Vergara P., A.
9 (RLIN) 114090
700 1# - ENTRADA AGREGADA--NOMBRE PERSONAL
Nombre de persona Pardellans, H.
9 (RLIN) 88947
830 0# - PUNTO DE ACCESO ADICIONAL DE SERIE-TÍTULO UNIFORME
Título uniforme Paideia
Designación de volumen o secuencia 32
9 (RLIN) 179731
852 ## - LOCALIZACIÓN
Ubicación ES-MaACL
Número de control de estantería A-6206
Sublocalización o colección R.95424
Holdings
Estatus retirado Estado de pérdida Estado de daño No para préstamo Biblioteca de origen Biblioteca actual Ubicación en estantería Fecha de adquisición Fuente de adquisición Total de préstamos Signatura topográfica completa Código de barras Visto por última vez Precio de reemplazo Tipo de ítem Koha
        Biblioteca del Ateneo de Madrid Biblioteca del Ateneo de Madrid Sala Pecera Planta 1 17/01/2008     A-6206 1091030 23/02/2023 23/02/2023 Libro impreso